|
|
|
|
| LEADER |
05590nam a2200601 4500 |
| 001 |
978-3-540-45051-1 |
| 003 |
DE-He213 |
| 005 |
20191023121750.0 |
| 007 |
cr nn 008mamaa |
| 008 |
121227s2000 gw | s |||| 0|eng d |
| 020 |
|
|
|a 9783540450511
|9 978-3-540-45051-1
|
| 024 |
7 |
|
|a 10.1007/b72823
|2 doi
|
| 040 |
|
|
|d GrThAP
|
| 050 |
|
4 |
|a TK7885-7895
|
| 072 |
|
7 |
|a UY
|2 bicssc
|
| 072 |
|
7 |
|a COM059000
|2 bisacsh
|
| 072 |
|
7 |
|a UY
|2 thema
|
| 082 |
0 |
4 |
|a 621.39
|2 23
|
| 245 |
1 |
0 |
|a Product Focused Software Process Improvement
|h [electronic resource] :
|b Second International Conference, PROFES 2000, Oulu, Finland, June 20-22, 2000 Proceedings /
|c edited by Frank Bomarius, Markku Oivo.
|
| 250 |
|
|
|a 1st ed. 2000.
|
| 264 |
|
1 |
|a Berlin, Heidelberg :
|b Springer Berlin Heidelberg :
|b Imprint: Springer,
|c 2000.
|
| 300 |
|
|
|a XI, 426 p.
|b online resource.
|
| 336 |
|
|
|a text
|b txt
|2 rdacontent
|
| 337 |
|
|
|a computer
|b c
|2 rdamedia
|
| 338 |
|
|
|a online resource
|b cr
|2 rdacarrier
|
| 347 |
|
|
|a text file
|b PDF
|2 rda
|
| 490 |
1 |
|
|a Lecture Notes in Computer Science,
|x 0302-9743 ;
|v 1840
|
| 505 |
0 |
|
|a Keynote Address: The Cascading Benefits of Software Process Improvement -- Keynote Address: The Cascading Benefits of Software Process Improvement -- Keynote Address: Capitalizing on Experience -- Keynote Address: Software Development Challenges for the 2000's -- Panel Session: Corporate Software Engineering Knowledge Networks: How Can They Improve Training of the Workforce in Software Organisations? -- Process Improvement -- Active Probes Synergy in Experience-Based Process Improvement -- A Framework for the Continuous Monitoring and Evaluation of Improvement Programmes -- No Improvement without Learning: Prerequisites for Learning the Relations between Process and Product Quality in Practice -- Introducing the Data Role in Models for Database Assessment -- Applying Benchmarking to Learn from Best Practices -- Modelling Usability Capability - Introducing the Dimensions -- Using Simulation to Visualise and Analyse Product-Process Dependencies in Software Development Projects -- Transforming Software Organizations with the Capability Maturity Model -- Empirical Software Engineering -- The Effect of Constraint Notification within a Case Tool Environment on Design Productivity and Quality -- Is a Design Rationale Vital when Predicting Change Impact? - A Controlled Experiment on Software Architecture Evolution -- Modeling and Analysis of Software Aging Process -- Industrial Experiences -- Usability Engineering in Concurrent Product Development -- An Industrial Experience in Using Problem Resolution Process for Software Porting -- Managing Engineering and Product Technology: A Method for Technology Assessment -- The Benefits of Networking -- Project Experience Database: A Report Based on First Practical Experience -- SPI - A Guarantee for Success? - A Reality Story from Industry - -- Product Driven Process Improvement PROFES Experiences at Dräger -- Experiences on Lean Techniques to Manage Software Suppliers -- The PROFES Improvement Methodology - Enabling Technologies and Methodology Design -- Methods and Tools -- Object-Oriented Design in Real-Time Embedded Robot Control Software -- Managing Distributed Software Development - A Portfolio Based Methodology -- Software and Process Modelling -- Formalizing SCM Use Cases within the Virtual Software Corporation -- The FEAST Approach to Quantitative Process Modelling of Software Evolution Processes -- A Description of a 'Framework Approach' to Evolutionary Systems Development -- Software and Process Measurement -- An Evaluation of Functional Size Methods and a Bespoke Estimation Method for Real-Time Systems -- Instrumenting Measurement Programs with Tools -- Organizational Learning and Experience Factory -- A Relationship-Based View to Software Engineering Competence -- Software Experience Bases: A Consolidated Evaluation and Status Report -- LIDs: A Light-Weight Approach to Experience Elicitation and Reuse.
|
| 650 |
|
0 |
|a Computer engineering.
|
| 650 |
|
0 |
|a Software engineering.
|
| 650 |
|
0 |
|a Computers and civilization.
|
| 650 |
|
0 |
|a Management information systems.
|
| 650 |
|
0 |
|a Computer science.
|
| 650 |
|
0 |
|a Information technology.
|
| 650 |
|
0 |
|a Business-Data processing.
|
| 650 |
1 |
4 |
|a Computer Engineering.
|0 http://scigraph.springernature.com/things/product-market-codes/I27000
|
| 650 |
2 |
4 |
|a Software Engineering/Programming and Operating Systems.
|0 http://scigraph.springernature.com/things/product-market-codes/I14002
|
| 650 |
2 |
4 |
|a Computers and Society.
|0 http://scigraph.springernature.com/things/product-market-codes/I24040
|
| 650 |
2 |
4 |
|a Management of Computing and Information Systems.
|0 http://scigraph.springernature.com/things/product-market-codes/I24067
|
| 650 |
2 |
4 |
|a Software Engineering.
|0 http://scigraph.springernature.com/things/product-market-codes/I14029
|
| 650 |
2 |
4 |
|a IT in Business.
|0 http://scigraph.springernature.com/things/product-market-codes/522000
|
| 700 |
1 |
|
|a Bomarius, Frank.
|e editor.
|4 edt
|4 http://id.loc.gov/vocabulary/relators/edt
|
| 700 |
1 |
|
|a Oivo, Markku.
|e editor.
|4 edt
|4 http://id.loc.gov/vocabulary/relators/edt
|
| 710 |
2 |
|
|a SpringerLink (Online service)
|
| 773 |
0 |
|
|t Springer eBooks
|
| 776 |
0 |
8 |
|i Printed edition:
|z 9783662198292
|
| 776 |
0 |
8 |
|i Printed edition:
|z 9783540676881
|
| 830 |
|
0 |
|a Lecture Notes in Computer Science,
|x 0302-9743 ;
|v 1840
|
| 856 |
4 |
0 |
|u https://doi.org/10.1007/b72823
|z Full Text via HEAL-Link
|
| 912 |
|
|
|a ZDB-2-SCS
|
| 912 |
|
|
|a ZDB-2-LNC
|
| 912 |
|
|
|a ZDB-2-BAE
|
| 950 |
|
|
|a Computer Science (Springer-11645)
|